| 000 | 00370nam a22001457a 4500 | ||
|---|---|---|---|
| 003 | MACL | ||
| 005 | 20170415124103.0 | ||
| 008 | 170415b xxu||||| |||| 00| 0 eng d | ||
| 040 | _cMACL | ||
| 100 |
_aKhangarani Dr. Sukhram _966954 |
||
| 245 | _aMagnificent Monuments of India | ||
| 260 |
_aDelhi _bRahi Prakashan _c2015 |
||
| 650 |
_aMonuments _966955 |
||
| 942 |
_2ddc _cBK |
||
| 999 |
_c56203 _d56203 |
||